000 00666nam a2200181Ia 4500
008 100921s9999 xx 000 0 und d
082 _b41354
_a891.463 न 06
100 _aजोगळेकर योगिनी,संपा,ओक सुनेत्रा.
245 _aकथायोगिनी-2.
260 _bअक्षता प्रकाशन, पुणे.
_c2006
300 _a236
_bकलाभारती वितरण,पुणे
365 _b230
520 _aललित-कथा.
630 _aकथायोगिनी-2.
650 _aललित-कथा.
730 _aकथायोगिनी-2.
942 _cBOOK
999 _c790467
_d790464